مكتبة جامعة عجلون الوطنية

فهرس بحث المكتبة

Normal view MARC view
  • عربيات، سليمان مفلح

Entry Personal Name

Number of records used in: 1

001 - CONTROL NUMBER

  • control field: 50123

003 - CONTROL NUMBER IDENTIFIER

  • control field: JO-AjAnu

005 - DATE AND TIME OF LATEST TRANSACTION

  • control field: 20230606082244.0

008 - FIXED-LENGTH DATA ELEMENTS

  • fixed length control field: 230606|| aca||aabn | a|a d

040 ## - CATALOGING SOURCE

  • Original cataloging agency: JO-AjAnu
  • Transcribing agency: JO-AjAnu

100 ## - HEADING--PERSONAL NAME

  • Personal name: عربيات، سليمان مفلح

670 ## - SOURCE DATA FOUND

  • Source citation: Work cat.: (JO-AjAnu)25627: عربيات، سليمان مفلح, author, الزراعة في عهد إمارة شرقي الأردن 1921-1946م